Graduate school in astronomy (Record no. 16506)
[ view plain ]
| 000 -LEADER | |
|---|---|
| fixed length control field | 00999nam a2200253Ia 4500 |
| 003 - CONTROL NUMBER IDENTIFIER | |
| control field | IN-BaIIA |
| 008 - FIXED-LENGTH DATA ELEMENTS--GENERAL INFORMATION | |
| fixed length control field | 211028s9999 xx 000 0 eng d |
| 020 ## - INTERNATIONAL STANDARD BOOK NUMBER | |
| International Standard Book Number | 0-7354-0336-8 |
| 040 ## - CATALOGING SOURCE | |
| Transcribing agency | IIA Library |
| 080 ## - UNIVERSAL DECIMAL CLASSIFICATION NUMBER | |
| Universal Decimal Classification number | 52(082.1) |
| Item number | GRA |
| 111 ## - MAIN ENTRY--MEETING NAME | |
| Meeting name or jurisdiction name as entry element | X special Courses at the National Observatory |
| Location of meeting | Brazil |
| Date of meeting or treaty signing | 2005 Sept. 26 -30 |
| 9 (RLIN) | 30623 |
| 245 #0 - TITLE STATEMENT | |
| Title | Graduate school in astronomy |
| Remainder of title | X special courses at the National Observatory held in Rio de Janeiro, Brazil, 26 - 30 September 2005 |
| Statement of responsibility, etc. | edited by Simone Daflon…[et al.] |
| 260 ## - PUBLICATION, DISTRIBUTION, ETC. | |
| Place of publication, distribution, etc. | Melville |
| Name of publisher, distributor, etc. | American Institute of Physics |
| Date of publication, distribution, etc. | 2006 |
| 300 ## - PHYSICAL DESCRIPTION | |
| Extent | xix, 169p. |
| 490 ## - SERIES STATEMENT | |
| Series statement | AIP conference proceedings; v. 843 |
| 650 ## - SUBJECT ADDED ENTRY--TOPICAL TERM | |
| Topical term or geographic name entry element | Astronomy - congress |
| 9 (RLIN) | 30624 |
| 650 ## - SUBJECT ADDED ENTRY--TOPICAL TERM | |
| Topical term or geographic name entry element | Cosmology |
| 650 ## - SUBJECT ADDED ENTRY--TOPICAL TERM | |
| Topical term or geographic name entry element | Planetary systems |
| 9 (RLIN) | 965 |
| 700 ## - ADDED ENTRY--PERSONAL NAME | |
| Personal name | Alcaniz, Jailson, ed. |
| 9 (RLIN) | 30625 |
| 700 ## - ADDED ENTRY--PERSONAL NAME | |
| Personal name | de la Reza, Ramiro, ed. |
| 9 (RLIN) | 30626 |
| 700 ## - ADDED ENTRY--PERSONAL NAME | |
| Personal name | Telles, Eduardo, ed. |
| 9 (RLIN) | 30627 |
| 710 ## - ADDED ENTRY--CORPORATE NAME | |
| Corporate name or jurisdiction name as entry element | American Institute of Physics |
| 9 (RLIN) | 2416 |
| 942 ## - ADDED ENTRY ELEMENTS (KOHA) | |
| Koha item type | Books |
| Withdrawn status | Lost status | Damaged status | Not for loan | Home library | Current library | Shelving location | Date acquired | Source of acquisition | Cost, normal purchase price | Total Checkouts | Full call number | Barcode | Date last seen | Cost, replacement price | Price effective from | Koha item type | Purchase Price |
|---|---|---|---|---|---|---|---|---|---|---|---|---|---|---|---|---|---|
| IIA Library-Bangalore | IIA Library-Bangalore | General Stacks | 19/06/2007 | ALL | 5253.32 | 52(082.1)/ GRA | 17428 | 05/11/2021 | 5253.32 | 19/06/2007 | Books | Rs. 5253.32 |